000 01407nam a22003497a 4500
003 CHAP
005 20220329143821.0
008 110930s2010 mx a r 00010 spa d
010 _a102273
011 _a103245
020 _a9786074950403
035 _a113934
040 _cCHAP
082 0 4 _a923.2097252
_bC19
110 1 _aMéxico. Gobierno del Estado
_977067
245 1 0 _aCarlos Hank González :
_btrascendencia y visión de una política contemporánea
_c/por Gobierno del Estado de México
260 _aToluca, Méx. :
_bGobierno del Estado de México,
_c2010
300 _a383 p. :
_bilus.
490 _aBiblioteca Mexiquense del Bicentenario.
_pColección Mayor.
_pEstado de México: patrimonio de un pueblo
590 _aBATCH-UPD
_b10
_c20130110
_lUCH01
_h1430
590 _aBATCH-UPD
_b10
_c20130410
_lUCH01
_h0907
590 _aBATCH-UPD
_b10
_c20130914
_lUCH01
_h1205
590 _aCONVERSION
_b10
_c20130109
_lUCH01
_h1356
600 1 4 _aHank González, Carlos
_d1927 - 2001,
_952528
650 1 4 _aDiscursos, ensayos, conferencias.
_932717
650 1 4 _aPolítica y gobierno
_xMéxico (Edo.)
_990718
650 1 4 _aPolíticos
_xBiografías.
_990721
830 _aBiblioteca Mexiquense del Bicentenario.
_pColección Mayor.
_pEstado de México: patrimonio de un pueblo
_912425
901 _aBK
942 _cLIBRO
949 _a923.2097252 C19
_bBC
_cLIBRO
_d33724002307793
_eLIBRO
_h115910
_i113934
_sb
999 _c102273
_d102273